A Cool Typing Test Quiz Stats

 Plays Quiz not verified by Sporcle

Challenge
Share
Tweet
Embed
Score 0/60 Timer 01:00
0 Plays Today
Words Your text % Correct
????
100%
????
99.1%
????
98.3%
????
97.8%
????
97.2%
????
96%
????
95.9%
????
95.4%
????
94.8%
????
94.3%
????
94%
????
93.5%
????
93.1%
????
92.7%
????
91.9%
????
91.2%
????
90.7%
????
89.9%
????
88%
????
86.6%
????
84.7%
????
82.7%
????
80.7%
????
79.2%
????
77.2%
????
75.3%
????
73.1%
????
71.1%
????
69.4%
????
66.2%
Words Your text % Correct
????
63.5%
????
61.7%
????
59.5%
????
57.2%
????
55%
????
53.4%
????
50.9%
????
48.8%
????
46.4%
????
44.6%
????
42.8%
????
41.1%
????
39%
????
36.9%
????
35.1%
????
33.2%
????
31.4%
????
29.6%
????
27.8%
????
25.6%
????
24.2%
????
22.4%
????
20.1%
????
18.2%
????
16.5%
????
14.4%
????
12.4%
????
10.4%
????
8.8%
????
7.6%

You're not logged in!

Compare scores with friends on all Sporcle quizzes.
Join for Free
OR
Log In

You Might Also Like...

Show Comments

Extras

Created Oct 10, 2011ReportNominate
Tags:Typing Quiz, cool, test, text

Top Quizzes Today


Score Distribution

Your Account Isn't Verified!

In order to create a playlist on Sporcle, you need to verify the email address you used during registration. Go to your Sporcle Settings to finish the process.

Report this User

Report this user for behavior that violates our Community Guidelines.

Details: